| 000 | 00361nam a22001457a 4500 | ||
|---|---|---|---|
| 003 | BD-DhUL | ||
| 005 | 20170424153301.0 | ||
| 008 | 170424b xxu||||| |||| 00| 0 eng d | ||
| 040 |
_cBD-DhUL _dBD-DhUL |
||
| 082 | _aRAN | ||
| 245 | _aThe fountaihead / | ||
| 260 |
_aNew tork : _bUnited Nations , _cc1984. |
||
| 300 |
_a729p. : _bill., _c26cm. |
||
| 942 |
_2ddc _cBK |
||
| 999 |
_c193030 _d193030 |
||